Revista médica germano ibero americana. (Record no. 1949)

MARC details
000 -LEADER
campo de control de longitud fija 00780nas a2200241 i 4500
001 - NÚMERO DE CONTROL
campo de control 1949
003 - IDENTIFICADOR DE NÚMERO DE CONTROL
campo de control ES-MaACL
005 - FECHA Y HORA DE LA ÚLTIMA TRANSACCIÓN
campo de control 20250807062539.0
008 - DATOS DE LONGITUD FIJA--INFORMACIÓN GENERAL
campo de control de longitud fija 950801d19281938gw m| | 1 ||pa d
080 ## - NÚMERO DE LA CLASIFICACIÓN DECIMAL UNIVERSAL
Número de la Clasificación Decimal Universal 61
245 00 - MENCIÓN DEL TÍTULO
Título Revista médica germano ibero americana.
260 ## - PUBLICACIÓN, DISTRIBUCIÓN, ETC.
Lugar de publicación, distribución, etc. Leipzig :
Nombre del editor, distribuidor, etc. Georg Thierne,
Fecha de publicación, distribución, etc. 1928-1938 (
Fabricante Oscar Brandsietter)
300 ## - DESCRIPCIÓN FÍSICA
Extensión 6 v. :
Otras características físicas grab ;
Dimensiones 24 cm.
310 ## - PERIODICIDAD ACTUAL
Periodicidad actual Mensual
362 0# - FECHAS DE PUBLICACIÓN Y/O DESIGNACIÓN SECUENCIAL
Fecha de publicación y/o designación secuencial Año I (1928)--año 11, n. 12 (dic. 1938)
580 ## - NOTA DE RELACIÓN COMPLEJA
Nota de relación compleja Fusión de: Revista médica de Hamburgo, y de: La Medicina germano-hispano-americana.
650 17 - PUNTO DE ACCESO ADICIONAL DE MATERIA--TÉRMINO DE MATERIA
Término de materia o nombre geográfico como elemento de entrada Medicina
Fuente del encabezamiento o término embne
9 (RLIN) 14891
700 1# - ENTRADA AGREGADA--NOMBRE PERSONAL
Nombre de persona Brauer, L.
9 (RLIN) 31408
700 0# - ENTRADA AGREGADA--NOMBRE PERSONAL
Nombre de persona Bergmann, Gustav von.
9 (RLIN) 27997
852 ## - LOCALIZACIÓN
Ubicación ES-MaACL
Número de control de estantería Hem-384
866 #0 - MENCIÓN TEXTUAL DE FONDOS--UNIDAD BIBLIOGRÁFICA BÁSICA
Fondos 1930-34(1935f.mar.-ago.)(1936).
Holdings
Estatus retirado Estado de pérdida Estado de daño No para préstamo Colección Biblioteca de origen Biblioteca actual Ubicación en estantería Fecha de adquisición Fuente de adquisición Total de préstamos Signatura topográfica completa Código de barras Visto por última vez Precio de reemplazo Tipo de ítem Koha
        Periódicos y Revistas Biblioteca del Ateneo de Madrid Biblioteca del Ateneo de Madrid Depósito 1 17/01/2008     Hem-384 1001988 23/02/2023 23/02/2023 Revista